| 000 | 00788cab a2200241 4500 | ||
|---|---|---|---|
| 001 | WB2819-44 | ||
| 008 | 090401t1992 xxu||||| |||| 00| 0 eng d | ||
| 035 | _a(Sirsi) u7310 | ||
| 041 | _aeng | ||
| 245 | _aProperty viewing | ||
| 260 | _c1992 | ||
| 350 | _a0 | ||
| 490 |
_aInformation World Review _v(70) May 1992, 15(1) |
||
| 520 | _aEstate agents in Denmark, France and the UK are shortly to begin using ISDN to let prospective buyers view properties held by branches in other towns. the UK version will be called HomeVision. | ||
| 650 | _aCOMPUTERS | ||
| 650 | _aESTATE AGENTS | ||
| 650 | _aINTERACTIVE MULTIMEDIA | ||
| 650 | _aLET-A-VISION | ||
| 650 | _aMULTIMEDIA | ||
| 690 | _aMANAGEMENT-BUSINESS MANAGEMENT-INFORMATION MANAGEMENT | ||
| 942 | _n0 | ||
| 948 | _c04/03/1997 | ||
| 999 |
_c4401 _d4401 |
||